[Event "IECC CL0-2020.00 email"]
[Site "IECC email"]
[Date "2020.01.07"]
[Round "?"]
[White "Vontina, Maria"]
[Black "Shim Ng Min, Francis"]
[Result "0-1"]
[WhiteElo "826"]
[BlackElo "1178"]
[PlyCount "32"]
[EventDate "2019.12.20"]
[EventType "tourn (corr)"]
[EventRounds "4"]
[SourceTitle "Corr 2022"]
[Source "ChessBase"]
[SourceDate "2021.10.24"]
[SourceVersion "1"]
[SourceVersionDate "2021.10.24"]
[SourceQuality "1"]

1. e4 c5 2. Nf3 e6 3. d4 cxd4 4. Nxd4 Nf6 5. Nc3 Nc6 6. Be3 Bb4 7. Nxc6 bxc6 8. Bd3 0-0 9. 0-0 e5 10. Bg5 Be7 11. f4 exf4 12. Rxf4 Qb6+ 13. Kh1 Qxb2 14. Na4 Qe5 15. Bxf6 Bxf6 16. Rf1 Qa5 0-1

[Event "OP-2019-0-04902"]
[Site "LSS email"]
[Date "2019.12.29"]
[Round "?"]
[White "Vontina, Maria"]
[Black "Heiser, Jerome"]
[Result "0-1"]
[WhiteElo "826"]
[BlackElo "542"]
[PlyCount "34"]
[EventDate "2019.12.20"]
[EventType "tourn (corr)"]
[EventRounds "4"]
[EventCountry "GER"]
[SourceTitle "Corr 2022"]
[Source "ChessBase"]
[SourceDate "2021.10.24"]
[SourceVersion "1"]
[SourceVersionDate "2021.10.24"]
[SourceQuality "1"]

1. e4 e5 2. Nf3 Nc6 3. Bb5 d6 4. d4 Bd7 5. Nc3 exd4 6. Nxd4 Nxd4 7. Bxd7+ Qxd7 8. Qxd4 a6 9. 0-0 c5 10. Qd1 g6 11. f3 Bg7 12. Nd5 Qc6 13. Rb1 Nf6 14. Nxf6+ Bxf6 15. Bf4 Rd8 16. c4 0-0 17. b3 b5 0-1

[Event "RN-2019-0-01587"]
[Site "LSS email"]
[Date "2019.12.25"]
[Round "?"]
[White "Venturas, Bob"]
[Black "Vontina, Maria"]
[Result "0-1"]
[WhiteElo "579"]
[BlackElo "810"]
[PlyCount "64"]
[EventDate "2019.12.04"]
[EventType "tourn (corr)"]
[EventRounds "6"]
[EventCountry "GER"]
[SourceTitle "Corr 2022"]
[Source "ChessBase"]
[SourceDate "2021.10.24"]
[SourceVersion "1"]
[SourceVersionDate "2021.10.24"]
[SourceQuality "1"]

1. e4 e6 2. e5 d5 3. Nf3 Ne7 4. d4 Ng6 5. a3 Be7 6. Nc3 0-0 7. Bd3 a6 8. 0-0 Nd7 9. Ne2 c5 10. c4 dxc4 11. Bxc4 Qc7 12. Be3 b5 13. Bd3 c4 14. Be4 Rb8 15. d5 exd5 16. Bxd5 Ndxe5 17. Nfd4 Bd7 18. Be4 Rbd8 19. Qc2 Bc6 20. Bf5 Bf6 21. f4 Nd7 22. Rad1 Rfe8 23. Bc1 Nc5 24. Bxg6 hxg6 25. Nxc6 Qxc6 26. Ng3 Nd3 27. b4 Bd4+ 28. Kh1 Nf2+ 29. Rxf2 Bxf2 30. Rxd8 Rxd8 31. Bb2 Be3 32. Ne4 Qxe4 0-1

[Event "RN-2019-0-01584"]
[Site "LSS email"]
[Date "2019.12.09"]
[Round "?"]
[White "Hickl, Norbert"]
[Black "Vontina, Maria"]
[Result "1/2-1/2"]
[WhiteElo "914"]
[BlackElo "793"]
[PlyCount "51"]
[EventDate "2019.11.20"]
[EventType "tourn (corr)"]
[EventRounds "6"]
[EventCountry "GER"]
[SourceTitle "Corr 2022"]
[Source "ChessBase"]
[SourceDate "2021.10.24"]
[SourceVersion "1"]
[SourceVersionDate "2021.10.24"]
[SourceQuality "1"]

1. c4 Nf6 2. g3 g6 3. Bg2 Bg7 4. Nf3 c6 5. 0-0 0-0 6. d4 d5 7. c5 Re8 8. Nc3 Nbd7 9. Rb1 e5 10. dxe5 Nxe5 11. Nxe5 Rxe5 12. Bf4 Re8 13. Re1 Bg4 14. h3 Bc8 15. Qd2 Nh5 16. Bg5 Qd7 17. e4 dxe4 18. Nxe4 Qxd2 19. Nxd2 Be6 20. b3 Nf6 21. Rbd1 Nd5 22. Ne4 h6 23. Bc1 Red8 24. Nd6 Rab8 25. Bxd5 Bxd5 26. Bf4 1/2-1/2

[Event "RN-2019-0-01584"]
[Site "LSS email"]
[Date "2019.12.09"]
[Round "?"]
[White "Vontina, Maria"]
[Black "Kuttner, Jaromir"]
[Result "1-0"]
[WhiteElo "793"]
[BlackElo "848"]
[PlyCount "45"]
[EventDate "2019.11.20"]
[EventType "tourn (corr)"]
[EventRounds "6"]
[EventCountry "GER"]
[SourceTitle "Corr 2022"]
[Source "ChessBase"]
[SourceDate "2021.10.24"]
[SourceVersion "1"]
[SourceVersionDate "2021.10.24"]
[SourceQuality "1"]

1. e4 d5 2. exd5 Qxd5 3. Nf3 Bg4 4. Be2 Nf6 5. 0-0 e6 6. Nc3 Qd8 7. d3 c6 8. Bg5 Nbd7 9. h3 h6 10. Bh4 Bxf3 11. Bxf3 Be7 12. Re1 0-0 13. Bg3 Nb6 14. a3 Nbd5 15. Nxd5 cxd5 16. c4 d4 17. Bxb7 Qb6 18. Bxa8 Rxa8 19. b4 a5 20. Qf3 axb4 21. Qxa8+ Kh7 22. axb4 Qxb4 23. Qa7 1-0

[Event "RN-2019-0-01582"]
[Site "LSS email"]
[Date "2019.11.29"]
[Round "?"]
[White "Vontina, Maria"]
[Black "Hickl, Norbert"]
[Result "0-1"]
[WhiteElo "756"]
[BlackElo "931"]
[PlyCount "40"]
[EventDate "2019.11.16"]
[EventType "tourn (corr)"]
[EventRounds "6"]
[EventCountry "GER"]
[SourceTitle "Corr 2022"]
[Source "ChessBase"]
[SourceDate "2021.10.24"]
[SourceVersion "1"]
[SourceVersionDate "2021.10.24"]
[SourceQuality "1"]

1. e4 e6 2. d4 d5 3. Nc3 Nf6 4. Bg5 Be7 5. e5 Nfd7 6. Bxe7 Qxe7 7. Nf3 0-0 8. Be2 c5 9. dxc5 Nxc5 10. 0-0 Nc6 11. Bd3 Nxd3 12. cxd3 d4 13. Ne2 f6 14. exf6 Qxf6 15. Rc1 e5 16. Ng3 Bg4 17. Ne4 Qg6 18. Ng3 Bxf3 19. gxf3 Rf4 20. Re1 Raf8 0-1

[Event "RN-2019-0-01582"]
[Site "LSS email"]
[Date "2019.11.29"]
[Round "?"]
[White "Vontina, Maria"]
[Black "Zmolil, Karel"]
[Result "0-1"]
[WhiteElo "756"]
[BlackElo "1038"]
[PlyCount "66"]
[EventDate "2019.11.16"]
[EventType "tourn (corr)"]
[EventRounds "6"]
[EventCountry "GER"]
[SourceTitle "Corr 2022"]
[Source "ChessBase"]
[SourceDate "2021.10.24"]
[SourceVersion "1"]
[SourceVersionDate "2021.10.24"]
[SourceQuality "1"]

1. e4 e5 2. Nf3 Nc6 3. Bb5 a6 4. Ba4 Bc5 5. 0-0 Nge7 6. d3 h6 7. Nc3 0-0 8. Bb3 d6 9. h3 Ng6 10. a3 Qf6 11. Nd5 Qd8 12. c3 Nce7 13. Ne3 Nf4 14. Kh2 Neg6 15. Nd5 c6 16. Ne3 Qd7 17. Nf5 Ne7 18. Nxe7+ Qxe7 19. Ng1 Kh7 20. Bxf4 exf4 21. Qf3 g5 22. d4 Bb6 23. Bc2 Kg7 24. Rae1 Bc7 25. Kh1 Bd7 26. b3 Rh8 27. c4 Rag8 28. Ne2 h5 29. Kg1 Rh6 30. d5 c5 31. Nc1 Qf6 32. Qd3 g4 33. hxg4 hxg4 0-1

[Event "OP-2019-0-04882"]
[Site "LSS email"]
[Date "2019.11.27"]
[Round "?"]
[White "Szczepanski, Zbigniew"]
[Black "Vontina, Maria"]
[Result "1-0"]
[WhiteElo "2430"]
[BlackElo "819"]
[PlyCount "29"]
[EventDate "2019.11.24"]
[EventType "tourn (corr)"]
[EventRounds "4"]
[EventCountry "GER"]
[SourceTitle "Corr 2022"]
[Source "ChessBase"]
[SourceDate "2021.10.24"]
[SourceVersion "1"]
[SourceVersionDate "2021.10.24"]
[SourceQuality "1"]

1. e4 e6 2. d4 d5 3. Nc3 Bb4 4. e5 c5 5. a3 Bxc3+ 6. bxc3 Ne7 7. Qg4 cxd4 8. Qxg7 Rg8 9. Qxh7 dxc3 10. Nf3 Nbc6 11. Ng5 Rf8 12. f4 d4 13. Bd3 Qd5 14. Ne4 Nf5 15. Nf6+ 1-0

[Event "OP-2019-0-04882"]
[Site "LSS email"]
[Date "2019.11.27"]
[Round "?"]
[White "Vontina, Maria"]
[Black "Puertas, Francisco Javier"]
[Result "0-1"]
[WhiteElo "819"]
[BlackElo "800"]
[PlyCount "36"]
[EventDate "2019.11.24"]
[EventType "tourn (corr)"]
[EventRounds "4"]
[EventCountry "GER"]
[SourceTitle "Corr 2022"]
[Source "ChessBase"]
[SourceDate "2021.10.24"]
[SourceVersion "1"]
[SourceVersionDate "2021.10.24"]
[SourceQuality "1"]

1. e4 e5 2. Nf3 d6 3. d4 exd4 4. Nxd4 Nf6 5. Nc3 Be7 6. Be2 Nbd7 7. 0-0 0-0 8. Be3 Re8 9. f4 Bf8 10. a3 Nxe4 11. Nxe4 Rxe4 12. Qd2 Qe8 13. Bf2 c5 14. Bf3 cxd4 15. Bxe4 Qxe4 16. Bxd4 Qc6 17. Rae1 b6 18. Re2 Ba6 0-1

[Event "IECC CL0-2019.00 email"]
[Site "IECC email"]
[Date "2019.11.27"]
[Round "?"]
[White "Vontina, Maria"]
[Black "Slavin, Pablo"]
[Result "0-1"]
[WhiteElo "764"]
[BlackElo "1198"]
[PlyCount "42"]
[EventDate "2019.10.08"]
[EventType "tourn (corr)"]
[EventRounds "4"]
[SourceTitle "Corr 2022"]
[Source "ChessBase"]
[SourceDate "2021.10.24"]
[SourceVersion "1"]
[SourceVersionDate "2021.10.24"]
[SourceQuality "1"]

1. e4 c5 2. Nf3 Nc6 3. d4 cxd4 4. Nxd4 e5 5. Nb5 d6 6. N1c3 a6 7. Na3 Nf6 8. Bg5 b5 9. Nd5 Be7 10. Bxf6 Bxf6 11. c3 0-0 12. Be2 Bg5 13. 0-0 Be6 14. Nc2 f5 15. exf5 Bxf5 16. Nce3 Be6 17. Qd3 Bxe3 18. Nxe3 Qc7 19. Rfd1 Rad8 20. Nd5 Qf7 21. Rf1 Bxd5 0-1

[Event "OP-2019-0-04878"]
[Site "LSS email"]
[Date "2019.11.25"]
[Round "?"]
[White "Plastinin, Alexandr"]
[Black "Vontina, Maria"]
[Result "1/2-1/2"]
[WhiteElo "1045"]
[BlackElo "761"]
[PlyCount "113"]
[EventDate "2019.11.13"]
[EventType "tourn (corr)"]
[EventRounds "4"]
[EventCountry "GER"]
[SourceTitle "Corr 2022"]
[Source "ChessBase"]
[SourceDate "2021.10.24"]
[SourceVersion "1"]
[SourceVersionDate "2021.10.24"]
[SourceQuality "1"]

1. e4 e6 2. Nf3 d5 3. exd5 exd5 4. d4 Nf6 5. Nc3 Be7 6. Be3 0-0 7. Be2 Bg4 8. 0-0 c6 9. h3 Bh5 10. Re1 Bg6 11. Bd3 Re8 12. Qd2 Nbd7 13. Ne5 Bxd3 14. Qxd3 Nf8 15. Bg5 Ng6 16. Nxg6 hxg6 17. f4 Qd7 18. Re3 Nh7 19. Bxe7 Rxe7 20. Rae1 Rae8 21. Rxe7 Rxe7 22. Re5 Rxe5 23. dxe5 Nf8 24. Ne2 Ne6 25. f5 gxf5 26. Qxf5 Nc5 27. Qf2 b6 28. Qg3 Qe6 29. Nd4 Qd7 30. Nf3 Ne6 31. Qg4 Qe7 32. h4 c5 33. h5 Kh7 34. Qf5+ Kg8 35. h6 g6 36. Qf6 Qxf6 37. exf6 Kh7 38. Ne5 Kxh6 39. Nxf7+ Kh5 40. Nd6 g5 41. Nc8 Kg6 42. Nxa7 Kxf6 43. Nc8 b5 44. Kf2 Nc7 45. Kg3 d4 46. Nd6 c4 47. Kg4 d3 48. cxd3 cxd3 49. Ne4+ Kg6 50. Kf3 Kf5 51. Ke3 Nd5+ 52. Kxd3 Nb4+ 53. Ke3 Nxa2 54. Nc3 Nxc3 55. bxc3 Ke5 56. g3 Kd5 57. Kd3 1/2-1/2

[Event "RN-2019-0-01578"]
[Site "LSS email"]
[Date "2019.11.17"]
[Round "?"]
[White "Vontina, Maria"]
[Black "Kuttner, Jaromir"]
[Result "1-0"]
[WhiteElo "770"]
[BlackElo "848"]
[PlyCount "27"]
[EventDate "2019.11.03"]
[EventType "tourn (corr)"]
[EventRounds "6"]
[EventCountry "GER"]
[SourceTitle "Corr 2022"]
[Source "ChessBase"]
[SourceDate "2021.10.24"]
[SourceVersion "1"]
[SourceVersionDate "2021.10.24"]
[SourceQuality "1"]

1. e4 c5 2. Nf3 Nc6 3. d4 cxd4 4. Nxd4 Nf6 5. Nc3 g6 6. Be3 Bg7 7. f3 Qa5 8. Bc4 0-0 9. 0-0 d5 10. exd5 Ne5 11. Bb3 Rd8 12. Qe1 Nxd5 13. Nxd5 Qxe1 14. Rfxe1 1-0

[Event "OP-2019-0-04874"]
[Site "LSS email"]
[Date "2019.11.13"]
[Round "?"]
[White "Vontina, Maria"]
[Black "Ducharme, Steven"]
[Result "1-0"]
[WhiteElo "762"]
[BlackElo "765"]
[PlyCount "33"]
[EventDate "2019.11.07"]
[EventType "tourn (corr)"]
[EventRounds "4"]
[EventCountry "GER"]
[SourceTitle "Corr 2022"]
[Source "ChessBase"]
[SourceDate "2021.10.24"]
[SourceVersion "1"]
[SourceVersionDate "2021.10.24"]
[SourceQuality "1"]

1. e4 c5 2. Nf3 Nc6 3. d4 cxd4 4. Nxd4 a6 5. Nc3 Nxd4 6. Qxd4 e6 7. Be2 b6 8. 0-0 Bb7 9. f4 Ne7 10. Be3 Nc8 11. Rad1 Bc5 12. Qd3 Bxe3+ 13. Qxe3 0-0 14. Bf3 d5 15. exd5 exd5 16. Nxd5 Bxd5 17. Bxd5 1-0